00979nam a22003017a 4500001000200000003000900002005001700011007000200028008002800030040002200058082002800080092001200108100004300120245006100163260003700224300002100261490002700282500006400309521003000373590002600403650002300429650002700452910001400479942001200493952013700505956002000642999001500662 DO-SdBNP20220317133443.0 151005b1994 cl 00| 0 spa d aBPMSUbspacBPMSU aCo863.6bG216d 1994222 a bXXXX1 aGarcía Márquez, Gabrield1927-201414aDel amor y otros demonios /cGabriel García Márquez  aSanto Domingo :bTaller, c1994. a198 p. :c22 cm.0 aBiblioteca tallerv299 aIncluye datos biográficos del autor en la contracubierta 1 aA partir de los 12 años 6Inventariado, 2022/VM 4aNovela colombiana. 4aLiteratura colombiana  aVMateo V. 2ddccBK 00102ddc40708CGaBPMETbBPMETd2015-11-20eDonaciónl0oBPMSU CG Co863.6 G216d 1994pBPMSU15110408r2015-11-20w2015-11-20yBK aYngrid Lockward c8837d8837